000 00494nam a2200193Ia 4500
003 GCL
008 140319s9999 xx 000 0 eng d
040 _aGCL /
_cGCL
082 0 4 _a722.44
_bW I
100 1 _aWOLWAHSEN, ANDREES
245 1 0 _aINDIA /
_cWOLWAHSEN, ANDREES
260 _a[S.N] :
_bBENEDIKT TASCHEN
300 _a191 P ؛
_c21 cm.
490 _aARCHITECTURE OF THE WORLD
_v0
650 0 4 _aINDIA - CIVILIZATION
650 0 4 _aARCHITECTURE
650 0 4 _aINDIA
942 _2ddc
_cBK
999 _c22274
_d22274